000 00574nam a2200193Ia 4500
003 GCL
008 140319s9999 xx 000 0 ara d
040 _aGCL /
_cGCL
082 0 4 _a813.008
_bط ح
100 1 _aالطاهر بنجلون
245 1 0 _aحرودة: رواية /
_cالطاهر بنجلون
700 1 _aرشيد بنحدو (مترجم)
260 _a[S.N] :
_bدار ابن رشد للطباعة والنشر ،
_c1982
300 _a156 ص
490 _a
650 0 4 _aالادب العربى
650 0 4 _aالقصص العربية
942 _2ddc
_cBK
999 _c36116
_d36116